000
00280nam a2200109Ia 4500
008
220204s9999 xx 000 0 und d
082
_a
546.3
_b
STR
245
0
_a
Applied science in the casting of materials
260
_a
Oxford
_b
Pergamon
_c
1970
700
_a
Strauss, K
942
_c
BK
999
_c
31981
_d
31981